000 01266nam a2200217Ia 4500
003 Ost
005 20260507075032.0
008 260507s9999||||xx |||||||||||||| ||und||
020 _a2356303977
040 _cfsecg
041 _aara
082 _a330
100 _aحسن، أمين عبد العزيز
_eمؤلف
245 0 _aإدارة الأعمال وتحديات القرن الحادي والعشرين /
_c أمين عبد العزيز حسن
260 _aالقاهرة:
_bدار قباء للطباعة والنشر والتوزيع,
_c2001
300 _a340 صفحة؛
_bإيضاحات ؛
_c24 سم
520 _aتطور الفكر الإداري- العملية الإدارية- المنظمة والبيئة التكنولوجيا- التخيطيط والإدارة الإستراتيجية- التنظيم- القيادة- إتخاذ القرارات الإدارية- الإتصالات الإدارية- الرقابة الإدارية- إدارة التغير في المنظمات- التنمية الإدارية وأهميتها- الإدارة الدولية- إدارة الأعمال في القرن الحادي والعشرون
653 _aاتخاذ القرارات
653 _aإدارة الأعمال
942 _cكتاب
999 _c42419
_d42419